Electronic devices and circuit theory (Record no. 65981)
[ view plain ]
| 000 -LEADER | |
|---|---|
| fixed length control field | 00667nam a22001937a 4500 |
| 003 - CONTROL NUMBER IDENTIFIER | |
| control field | NUST-PNEC |
| 005 - DATE AND TIME OF LATEST TRANSACTION | |
| control field | 20170116180934.0 |
| 008 - FIXED-LENGTH DATA ELEMENTS--GENERAL INFORMATION | |
| fixed length control field | 140517b xxu||||| |||| 00| 0 eng d |
| 040 ## - CATALOGING SOURCE | |
| Transcribing agency | LIBRARY |
| 082 ## - DEWEY DECIMAL CLASSIFICATION NUMBER | |
| Classification number | 621.3815 BOY |
| 100 ## - MAIN ENTRY--PERSONAL NAME | |
| 9 (RLIN) | 44 |
| Personal name | Boylestad, Robert L. |
| 245 ## - TITLE STATEMENT | |
| Title | Electronic devices and circuit theory |
| Statement of responsibility, etc. | Robert L. Boylestad |
| 250 ## - EDITION STATEMENT | |
| Edition statement | 10th ed. |
| 300 ## - PHYSICAL DESCRIPTION | |
| Extent | xv, 892 p. : |
| Other physical details | ill.: |
| Dimensions | 25 cm. |
| 500 ## - GENERAL NOTE | |
| General note | Includes Index |
| 650 ## - SUBJECT ADDED ENTRY--TOPICAL TERM | |
| General subdivision | EE , EL |
| 9 (RLIN) | 8402 |
| Topical term or geographic name entry element | Electrical engineering |
| 856 ## - ELECTRONIC LOCATION AND ACCESS | |
| Uniform Resource Identifier | <a href="http://www.amazon.com/Electronic-Devices-Circuit-Theory-10th/dp/8131727009/ref=sr_1_1?s=books&ie=UTF8&qid=1423057673&sr=1-1&keywords=9788131727003">http://www.amazon.com/Electronic-Devices-Circuit-Theory-10th/dp/8131727009/ref=sr_1_1?s=books&ie=UTF8&qid=1423057673&sr=1-1&keywords=9788131727003</a> |
| 942 ## - ADDED ENTRY ELEMENTS (KOHA) | |
| Source of classification or shelving scheme | |
| Koha item type | Book |
| Withdrawn status | Lost status | Source of classification or shelving scheme | Damaged status | Not for loan | Permanent Location | Current Location | Shelving location | Date acquired | Total Checkouts | Full call number | Barcode | Date last seen | Date last checked out | Price effective from | Koha item type |
|---|---|---|---|---|---|---|---|---|---|---|---|---|---|---|---|
| Pakistan Navy Engineering College (PNEC) | Pakistan Navy Engineering College (PNEC) | 1 | 621.3815 BOY | PNECLIB-029894 | 07/21/2016 | 07/19/2016 | Book |
